Baden-Württemberg Top 20 Cities by population - Statistics

General Stats
  • This quiz has been taken 189 times
  • The average score is 13 of 20
Answer Stats
Population City % Correct
632,743 Stuttgart
100%
229,636 Freiburg im Breisgau
98%
311,919 Karlsruhe
92%
307,997 Mannheim
91%
125,596 Ulm
89%
160,601 Heidelberg
82%
115,762 Reutlingen
78%
125,113 Heilbronn
77%
84,441 Konstanz
77%
124,289 Pforzheim
75%
89,447 Tübingen
70%
93,593 Ludwigsburg
61%
93,004 Esslingen am Neckar
60%
84,557 Villingen-Schwenningen
57%
60,088 Friedrichshafen
33%
59,060 Offenburg
33%
67,849 Aalen
29%
60,914 Schwäbisch Gmünd
29%
57,094 Göppingen
26%
64,599 Sindelfingen
26%
No matching quizzes found
Score Distribution
Percent of People with Each Score
Percentile by Number Answered
Your Score History
You have not taken this quiz